[Event "4NCL Division 3 North"]
[Site "Bolton, ENG"]
[Date "2018.02.10"]
[Round "5.53"]
[White "Maydew, Simon"]
[Black "Acey, Gerald"]
[Result "0-1"]
[WhiteElo "1817"]
[BlackElo "2127"]
[PlyCount "88"]
[EventDate "2018.02.10"]
[WhiteTeam "Shropshire 2"]
[BlackTeam "Cheddleton 2"]

1. d4 d5 2. Nf3 Nf6 3. e3 g6 4. c4 Bg7 5. Bd3 O-O 6. O-O c6 7. Nbd2 Nbd7 8. b4
e5 9. Nxe5 Nxe5 10. dxe5 Ng4 11. Nf3 Nxe5 12. Nxe5 Bxe5 13. Rb1 dxc4 14. Bxc4
Bf5 15. Qxd8 Raxd8 16. Rb3 Bc2 17. Ra3 a6 18. f3 Rd7 19. Be2 Rfd8 20. e4 Bd4+
21. Be3 Bb2 22. Ra5 Bd3 23. Kf2 Bd4 24. Bxd3 Bxe3+ 25. Kxe3 Rxd3+ 26. Kf4 Rd2
27. g4 Rxh2 28. g5 Kg7 29. Ke3 Rb2 30. a3 Rb3+ 31. Kf4 Rd7 32. Ke5 Rbd3 33. Kf4
Rd2 34. Ra1 Rf2 35. Ke3 Rh2 36. a4 Rb2 37. b5 cxb5 38. axb5 Rb3+ 39. Ke2 axb5
40. R5a2 b4 41. Rc1 Rc3 42. Rb1 b3 43. Ra5 Rdd3 44. f4 Rh3 0-1

[Event "4NCL Division 3 North"]
[Site "Bolton, ENG"]
[Date "2018.02.10"]
[Round "5.54"]
[White "Davison, Colin F S"]
[Black "Bareford, Dominic"]
[Result "1/2-1/2"]
[WhiteElo "1863"]
[BlackElo "1712"]
[PlyCount "49"]
[EventDate "2018.02.10"]
[WhiteTeam "Cheddleton 2"]
[BlackTeam "Shropshire 2"]

1. e4 c5 2. Nf3 g6 3. Bc4 Bg7 4. O-O Nc6 5. c3 e6 6. Re1 Nge7 7. d3 d5 8. Bb3
O-O 9. Nbd2 b6 10. Nf1 Qc7 11. Qe2 dxe4 12. Qxe4 Bb7 13. Qh4 Nf5 14. Qh3 Rad8
15. Ng5 h6 16. Ne4 Ne5 17. Bf4 g5 18. Bxe5 Bxe5 19. Rad1 Bg7 20. Ne3 Bxe4 21.
dxe4 Nxe3 22. Qxe3 c4 23. Bc2 b5 24. a3 a6 25. g3 1/2-1/2

[Event "4NCL Division 3 North"]
[Site "Bolton, ENG"]
[Date "2018.02.10"]
[Round "5.55"]
[White "Ross, Stuart"]
[Black "Armstrong, William G"]
[Result "0-1"]
[WhiteElo "1675"]
[BlackElo "1812"]
[PlyCount "114"]
[EventDate "2018.02.10"]
[WhiteTeam "Shropshire 2"]
[BlackTeam "Cheddleton 2"]

1. e4 c5 2. Nf3 g6 3. d4 cxd4 4. Nxd4 Bg7 5. Nc3 Nc6 6. Be3 Nf6 7. Bc4 Qa5 8.
f3 Qb4 9. Bb3 Nxe4 10. fxe4 Bxd4 11. Bxd4 Qxd4 12. Qxd4 Nxd4 13. Nd5 Ne6 14.
O-O f6 15. a4 d6 16. a5 Bd7 17. Rf2 Rc8 18. Ba4 Nc5 19. Bxd7+ Nxd7 20. Ra4 Kf7
21. Rb4 Nc5 22. Ne3 Rc6 23. Rc4 Rhc8 24. e5 dxe5 25. b4 Nd7 26. Rxc6 Rxc6 27.
c4 Ke6 28. c5 b6 29. cxb6 axb6 30. b5 Rc1+ 31. Nf1 bxa5 32. Ra2 Kd6 33. Rxa5
Kc5 34. Ra7 Rd1 35. Rb7 h5 36. Kf2 Nb6 37. Rxe7 Kxb5 38. Re6 Nd5 39. g3 Kc5 40.
Ke2 Nc3+ 41. Kf2 Rd6 42. Re8 Kd4 43. Ne3 Ne4+ 44. Kf3 Ng5+ 45. Ke2 Ke4 46. Ra8
Nf3 47. Nf1 Nd4+ 48. Kf2 Rb6 49. Ra2 f5 50. Rd2 f4 51. gxf4 exf4 52. Ra2 g5 53.
Nd2+ Kd3 54. h3 g4 55. hxg4 hxg4 56. Kg2 Re6 57. Kf1 Re2 0-1

[Event "4NCL Division 3 North"]
[Site "Bolton, ENG"]
[Date "2018.02.10"]
[Round "5.56"]
[White "Floresc, Petru"]
[Black "Peck, Windsor W A"]
[Result "1-0"]
[WhiteElo "1803"]
[BlackElo "1555"]
[PlyCount "49"]
[EventDate "2018.02.10"]
[WhiteTeam "Cheddleton 2"]
[BlackTeam "Shropshire 2"]

1. e4 e6 2. Nc3 d5 3. exd5 exd5 4. Nf3 c6 5. d4 Bd6 6. Bd3 Nf6 7. h3 O-O 8. O-O
Nbd7 9. Bg5 Qc7 10. Re1 h6 11. Be3 Re8 12. Qd2 Ne4 13. Bxe4 dxe4 14. Nh4 Nf8
15. d5 f5 16. g3 g5 17. Ng2 Ng6 18. Rad1 Ne5 19. Qe2 Nf3+ 20. Kh1 Bxg3 21. Rf1
Bd7 22. Bc5 Qe5 23. dxc6 Bxc6 24. Bd6 Qe6 25. fxg3 1-0

[Event "4NCL Division 3 North"]
[Site "Bolton, ENG"]
[Date "2018.02.10"]
[Round "5.61"]
[White "Taylor, Mike"]
[Black "Phillips, David A"]
[Result "1/2-1/2"]
[WhiteElo "1937"]
[BlackElo "2039"]
[PlyCount "51"]
[EventDate "2018.02.10"]
[WhiteTeam "3Cs 3"]
[BlackTeam "Spirit of Atticus B"]

1. d4 Nf6 2. c4 e5 3. dxe5 Ng4 4. e3 Nxe5 5. Nh3 Nbc6 6. Nc3 Bc5 7. Be2 O-O 8.
O-O a5 9. Nf4 d6 10. b3 Bf5 11. Bb2 Qh4 12. Ncd5 Rac8 13. Nh5 Nb4 14. Nhf4 Nxd5
15. Qxd5 c6 16. Qd2 Rfe8 17. Nd3 Bxd3 18. Bxd3 Nxd3 19. Qxd3 Re6 20. Qf5 Rce8
21. Rad1 a4 22. Bd4 axb3 23. axb3 Bb4 24. Bb2 Qe4 25. Qxe4 Rxe4 26. Ra1 1/2-1/2

[Event "4NCL Division 3 North"]
[Site "Bolton, ENG"]
[Date "2018.02.10"]
[Round "5.62"]
[White "Bimpson, Tom"]
[Black "Ye, Kevin"]
[Result "1-0"]
[WhiteElo "2016"]
[BlackElo "1832"]
[PlyCount "65"]
[EventDate "2018.02.10"]
[WhiteTeam "Spirit of Atticus B"]
[BlackTeam "3Cs 3"]

1. d4 d5 2. Bf4 c5 3. e3 cxd4 4. exd4 Nc6 5. c3 Nf6 6. Nf3 Bg4 7. Nbd2 e6 8.
Qb3 Qc8 9. h3 Bh5 10. g4 Bg6 11. Nh4 Be7 12. Nxg6 hxg6 13. Bg2 a5 14. a4 Bd8
15. O-O Bc7 16. Bxc7 Qxc7 17. Nf3 Rb8 18. Rfe1 Ne4 19. c4 dxc4 20. Qxc4 Nd6 21.
Qc2 Kd8 22. Rac1 Rc8 23. Qd2 Qb6 24. d5 Nb4 25. dxe6 Rxc1 26. Rxc1 Ke7 27. Qg5+
Kf8 28. Ne5 f6 29. Nd7+ Ke7 30. Qxg6 Qd8 31. Qxg7+ Kxe6 32. Nc5+ Ke5 33. Re1+
1-0

[Event "4NCL Division 3 North"]
[Site "Bolton, ENG"]
[Date "2018.02.10"]
[Round "5.63"]
[White "Harman, George"]
[Black "Buckley, Colm"]
[Result "0-1"]
[WhiteElo "1750"]
[BlackElo "1944"]
[PlyCount "52"]
[EventDate "2018.02.10"]
[WhiteTeam "3Cs 3"]
[BlackTeam "Spirit of Atticus B"]

1. e4 e6 2. d4 d5 3. exd5 exd5 4. c4 Nf6 5. Nf3 Be7 6. Nc3 O-O 7. Be2 c6 8. O-O
Be6 9. c5 b6 10. b4 a5 11. Na4 Nbd7 12. Ne5 Nxe5 13. Nxb6 Nc4 14. Nxa8 Qxa8 15.
bxa5 Qxa5 16. Qb3 Ne4 17. Bxc4 dxc4 18. Qb7 Bf6 19. Be3 Bd5 20. a4 h6 21. Rfb1
Nd2 22. Rb4 Nb3 23. Rd1 Re8 24. h3 Re4 25. Rb6 Bxd4 26. Qc8+ Kh7 0-1

[Event "4NCL Division 3 North"]
[Site "Bolton, ENG"]
[Date "2018.02.10"]
[Round "5.64"]
[White "Johnson, Michael D"]
[Black "Abbas, Ahmed C"]
[Result "1-0"]
[WhiteElo "1994"]
[BlackElo "1652"]
[PlyCount "59"]
[EventDate "2018.02.10"]
[WhiteTeam "Spirit of Atticus B"]
[BlackTeam "3Cs 3"]

1. Nf3 Nf6 2. g3 g6 3. Bg2 Bg7 4. O-O O-O 5. d4 d6 6. c4 Nc6 7. Nc3 a6 8. Bg5
h6 9. Bxf6 Bxf6 10. Qd2 Bg7 11. h3 Bd7 12. Kh2 Rb8 13. d5 Na5 14. b3 c5 15.
dxc6 Nxc6 16. Rac1 Bf5 17. Rfd1 Qa5 18. Nh4 Be6 19. e3 Rbd8 20. Bxc6 bxc6 21.
Nd5 Qc5 22. Nxe7+ Kh7 23. b4 Qb6 24. b5 axb5 25. cxb5 cxb5 26. Qc2 Qc5 27.
Nexg6 fxg6 28. Qxg6+ Kh8 29. Rxc5 Rxf2+ 30. Kg1 1-0

[Event "4NCL Division 3 North"]
[Site "Bolton, ENG"]
[Date "2018.02.10"]
[Round "5.65"]
[White "Griffiths, Gareth NR"]
[Black "Cooper, John G"]
[Result "0-1"]
[WhiteElo "1682"]
[BlackElo "1935"]
[PlyCount "100"]
[EventDate "2018.02.10"]
[WhiteTeam "3Cs 3"]
[BlackTeam "Spirit of Atticus B"]

1. e4 c5 2. c3 Nf6 3. e5 Nd5 4. Nf3 Nc6 5. Bc4 Nb6 6. Bb3 d5 7. exd6 Qxd6 8.
O-O c4 9. Bc2 Bg4 10. h3 Bh5 11. Re1 e6 12. a4 Rd8 13. Na3 a6 14. Re3 Bg6 15.
a5 Bxc2 16. Nxc2 Nd5 17. Re4 Qc5 18. Nfd4 Nf6 19. Rxe6+ fxe6 20. Nxe6 Qe5 21.
Nxd8 Kxd8 22. d3 cxd3 23. Qxd3+ Bd6 24. Be3 Nd5 25. Re1 Qh2+ 26. Kf1 Nxe3+ 27.
Rxe3 Re8 28. g3 Qxh3+ 29. Kg1 Qd7 30. Qxh7 Rxe3 31. Nxe3 Ne5 32. Qg8+ Kc7 33.
Nd5+ Kc6 34. Nb4+ Bxb4 35. cxb4 Qd1+ 36. Kg2 Qf3+ 37. Kf1 Qh1+ 38. Ke2 Qf3+ 39.
Kf1 Qd1+ 40. Kg2 Qd5+ 41. Qxd5+ Kxd5 42. f4 Nd3 43. Kf3 Nxb4 44. g4 Nc6 45. g5
g6 46. b4 Ke6 47. Ke4 Nxb4 48. f5+ gxf5+ 49. Kf4 Nd5+ 50. Kf3 b5 0-1

[Event "4NCL Division 3 North"]
[Site "Bolton, ENG"]
[Date "2018.02.10"]
[Round "5.66"]
[White "Mort, Andrew J"]
[Black "McGee, Peter"]
[Result "1-0"]
[WhiteElo "1877"]
[BlackElo "1352"]
[PlyCount "45"]
[EventDate "2018.02.10"]
[WhiteTeam "Spirit of Atticus B"]
[BlackTeam "3Cs 3"]

1. c4 Nf6 2. g3 e6 3. Bg2 d5 4. Nf3 Be7 5. O-O O-O 6. b3 c5 7. cxd5 exd5 8. d4
Nc6 9. Bb2 Re8 10. Nc3 b6 11. Rc1 Bb7 12. Na4 Nd7 13. Re1 Rc8 14. Qd2 cxd4 15.
Nxd4 Nf6 16. Bh3 Rc7 17. Nb5 Rc8 18. Bxc8 Qxc8 19. Nxa7 Qh3 20. Bxf6 Bb4 21.
Bc3 Bxc3 22. Rxc3 Nxa7 23. Rc7 1-0

[Event "4NCL Division 3 North"]
[Site "Bolton, ENG"]
[Date "2018.02.10"]
[Round "5.71"]
[White "Baxter, Harold"]
[Black "Carpenter, Martin"]
[Result "1-0"]
[WhiteElo "1836"]
[BlackElo "2085"]
[PlyCount "62"]
[EventDate "2018.02.10"]
[WhiteTeam "Bradford DCA Knights C"]
[BlackTeam "Jorvik"]

1. Nf3 Nf6 2. d4 c5 3. g3 e6 4. Bg2 cxd4 5. Nxd4 Bb4+ 6. c3 Be7 7. O-O O-O 8.
c4 Qc7 9. b3 a6 10. Bb2 d6 11. Nc3 Nbd7 12. Rc1 Rd8 13. e3 Ne5 14. Qe2 Bd7 15.
f4 Neg4 16. h3 Nh6 17. g4 e5 18. Nf3 Bxg4 19. hxg4 Nhxg4 20. Nh2 Nxh2 21. Kxh2
exf4 22. exf4 Re8 23. Qf3 Qa5 24. a4 h5 25. Bh3 Qb4 26. Nd5 Nxd5 27. cxd5 Bh4
28. Rc2 g6 29. Rg2 Kf8 30. f5 g5 31. Qxh5 Ke7 1-0

[Event "4NCL Division 3 North"]
[Site "Bolton, ENG"]
[Date "2018.02.10"]
[Round "5.72"]
[White "White, Mark W"]
[Black "Clarke, Paul Rh"]
[Result "1-0"]
[WhiteElo "2022"]
[BlackElo "1749"]
[PlyCount "51"]
[EventDate "2018.02.10"]
[WhiteTeam "Jorvik"]
[BlackTeam "Bradford DCA Knights C"]

1. e4 d6 2. d4 Nf6 3. Nc3 e5 4. Nf3 exd4 5. Nxd4 Be7 6. Bc4 O-O 7. Qe2 Re8 8.
O-O Bf8 9. f3 d5 10. Bb3 dxe4 11. Qc4 exf3 12. Qxf7+ Kh8 13. Nxf3 Bc5+ 14. Kh1
Bg4 15. Bg5 Nbd7 16. Qc4 Qe7 17. Nd5 Qd6 18. Nxf6 Nxf6 19. Bxf6 Be6 20. Qh4
gxf6 21. Qxf6+ Kg8 22. Rad1 Qe7 23. Qc3 Bf7 24. Bxf7+ Kxf7 25. Ne5+ Kg8 26. Nf7
1-0

[Event "4NCL Division 3 North"]
[Site "Bolton, ENG"]
[Date "2018.02.10"]
[Round "5.73"]
[White "Braham, Peter"]
[Black "Hodge, Steve R"]
[Result "0-1"]
[WhiteElo "1733"]
[BlackElo "2042"]
[PlyCount "90"]
[EventDate "2018.02.10"]
[WhiteTeam "Bradford DCA Knights C"]
[BlackTeam "Jorvik"]

1. e4 c5 2. Nf3 Nc6 3. d4 cxd4 4. Nxd4 Nf6 5. Nc3 e5 6. Nf3 Bb4 7. Bc4 O-O 8.
O-O d6 9. Bg5 Bxc3 10. bxc3 h6 11. Bxf6 Qxf6 12. Rb1 Qe7 13. Re1 Be6 14. Bb3
Rac8 15. Re3 Rfd8 16. Rd3 Na5 17. Qe1 b6 18. Rbd1 Nc4 19. Rb1 Rc5 20. Nd2 Qc7
21. Nf3 b5 22. a4 bxa4 23. Bxa4 Rc8 24. Bb3 Na3 25. Ra1 Bxb3 26. Rxa3 Bxc2 27.
Re3 Rb8 28. Qd2 Bb3 29. h3 a5 30. Rd3 Rb6 31. Nh4 Be6 32. Rg3 Kh7 33. Nf5 Bxf5
34. exf5 d5 35. Qd3 Rcb5 36. f6+ g6 37. h4 e4 38. Qd4 Qc5 39. Qa4 Rb1+ 40. Kh2
Qxf2 41. Qd4 Qe1 42. Kh3 Qh1+ 43. Kg4 h5+ 44. Kf4 Qc1+ 45. Ke5 Qxa3 0-1

[Event "4NCL Division 3 North"]
[Site "Bolton, ENG"]
[Date "2018.02.10"]
[Round "5.74"]
[White "Cowan, Richard M"]
[Black "Tait, Bill"]
[Result "1/2-1/2"]
[WhiteElo "1866"]
[BlackElo "1690"]
[PlyCount "98"]
[EventDate "2018.02.10"]
[WhiteTeam "Jorvik"]
[BlackTeam "Bradford DCA Knights C"]

1. e4 c6 2. c4 d5 3. cxd5 cxd5 4. exd5 Qxd5 5. Nc3 Qd8 6. d4 e6 7. Nf3 Nf6 8.
Ne5 Be7 9. Bb5+ Nbd7 10. Qf3 O-O 11. O-O Nb6 12. Be3 Nbd5 13. Bd3 Nxe3 14. fxe3
Bd6 15. Rad1 a6 16. Qh3 h6 17. Ng4 Nxg4 18. Qxg4 Bd7 19. Qe4 f5 20. Qxb7 Rb8
21. Qxa6 Rxb2 22. Qxd6 Qa8 23. e4 Rf7 24. d5 exd5 25. exd5 Qa7+ 26. Kh1 Rf6 27.
Qe5 Rg6 28. Ne2 Rxa2 29. Nf4 Rg5 30. Bc4 Rc2 31. d6+ Kh8 32. Qd5 Qb8 33. Rb1
Qc8 34. Qb7 Rxc4 35. Qxc8+ Rxc8 36. Rb7 Ba4 37. Rc7 Rg8 38. Ra1 Bb5 39. Ra5 Re8
40. g3 Re1+ 41. Kg2 Rb1 42. Rxb5 Rxb5 43. d7 Rb2+ 44. Kf3 Rd2 45. Ke3 Rd1 46.
Nd3 f4+ 47. gxf4 Rd5 48. Rc8+ Kh7 49. d8=Q R1xd3+ 1/2-1/2

[Event "4NCL Division 3 North"]
[Site "Bolton, ENG"]
[Date "2018.02.10"]
[Round "5.75"]
[White "Mahoney, Nicholas"]
[Black "Flint, Martina"]
[Result "0-1"]
[WhiteElo "1707"]
[BlackElo "1846"]
[PlyCount "68"]
[EventDate "2018.02.10"]
[WhiteTeam "Bradford DCA Knights C"]
[BlackTeam "Jorvik"]

1. d4 g6 2. e4 Bg7 3. c4 d6 4. Nc3 c6 5. Nf3 e6 6. Be2 Ne7 7. O-O O-O 8. Be3 d5
9. exd5 exd5 10. h3 dxc4 11. Bxc4 Nf5 12. Bg5 Qb6 13. Qd2 Nxd4 14. Nxd4 Qxd4
15. Qe2 Nd7 16. Rad1 Qe5 17. Qd2 Qc5 18. Bb3 Ne5 19. Ne4 Qb6 20. Bd8 Qb5 21.
Nf6+ Kh8 22. Be7 Bxh3 23. Bxf8 Rxf8 24. Qe3 Bxg2 25. Kxg2 Bxf6 26. Qf4 Bg7 27.
Rh1 h5 28. Rh3 Kh7 29. Qe4 f5 30. Qe3 f4 31. Qe4 Rf5 32. Bc2 Qc5 33. Rxh5+ Rxh5
34. Rd7 Rg5+ 0-1

[Event "4NCL Division 3 North"]
[Site "Bolton, ENG"]
[Date "2018.02.10"]
[Round "5.76"]
[White "Anderson, Paul W"]
[Black "Grobler, David"]
[Result "0-1"]
[WhiteElo "1782"]
[BlackElo "1666"]
[PlyCount "84"]
[EventDate "2018.02.10"]
[WhiteTeam "Jorvik"]
[BlackTeam "Bradford DCA Knights C"]

1. c4 Nf6 2. Nc3 g6 3. Nf3 Bg7 4. d4 d5 5. cxd5 Nxd5 6. e4 Nxc3 7. bxc3 O-O 8.
Ba3 Nd7 9. Be2 c5 10. O-O Qa5 11. Qb3 Rb8 12. Bb2 b5 13. a3 Qb6 14. Rab1 a5 15.
Ba1 Ba6 16. e5 Rfc8 17. Ng5 c4 18. Qc2 h6 19. Ne4 Bb7 20. Nd2 Bd5 21. Rb2 Qc6
22. Bf3 Bxf3 23. Nxf3 Nb6 24. Qb1 Nd5 25. Re2 b4 26. e6 f5 27. Nh4 Nf4 28. Rb2
Bf6 29. Nf3 Nd3 30. axb4 Nxb2 31. Bxb2 axb4 32. Qc1 Kg7 33. Re1 bxc3 34. Bxc3
Rb5 35. Qe3 Rcb8 36. Nd2 Rd8 37. f4 Ra8 38. g3 Ra2 39. Nf3 Rb3 40. Rc1 Qb7 41.
Nd2 Qd5 42. h3 Rxc3 0-1

[Event "4NCL Division 3 North"]
[Site "Bolton, ENG"]
[Date "2018.02.10"]
[Round "5.81"]
[White "Gawne, Martin"]
[Black "Page, Mark E"]
[Result "0-1"]
[WhiteElo "1817"]
[BlackElo "2140"]
[PlyCount "48"]
[EventDate "2018.02.10"]
[WhiteTeam "Manchester Manticores 4"]
[BlackTeam "Warwickshire Select 2"]

1. c4 e5 2. Nc3 Nf6 3. Nf3 Nc6 4. e3 Bb4 5. Qc2 O-O 6. Nd5 Bc5 7. a3 a5 8. b3
d6 9. Bb2 Bg4 10. Be2 Nxd5 11. cxd5 Ne7 12. Qc4 Bxf3 13. Bxf3 Ng6 14. O-O Bb6
15. g3 f5 16. d3 f4 17. Qe4 fxe3 18. fxe3 Qg5 19. d4 Rfe8 20. Qd3 Re7 21. Rae1
Rae8 22. dxe5 Nxe5 23. Qd2 Nxf3+ 24. Rxf3 Bxe3+ 0-1

[Event "4NCL Division 3 North"]
[Site "Bolton, ENG"]
[Date "2018.02.10"]
[Round "5.82"]
[White "Paterson, Andrew I"]
[Black "Newell, David F"]
[Result "1/2-1/2"]
[WhiteElo "2065"]
[BlackElo "1772"]
[PlyCount "52"]
[EventDate "2018.02.10"]
[WhiteTeam "Warwickshire Select 2"]
[BlackTeam "Manchester Manticores 4"]

1. e4 c5 2. Nf3 Nc6 3. d4 cxd4 4. Nxd4 g6 5. Nc3 Bg7 6. Be3 Nf6 7. Bc4 Qa5 8.
O-O O-O 9. Bb3 d6 10. h3 Bd7 11. f4 Nxd4 12. Bxd4 Bc6 13. Qd3 Nd7 14. Nd5 Bxd5
15. Bxg7 Kxg7 16. exd5 Qb6+ 17. Kh1 Rac8 18. Rae1 Rfe8 19. Ba4 Rc7 20. f5 f6
21. fxg6 hxg6 22. Qf3 Qxb2 23. Qg4 b5 24. Rb1 Qxa2 25. Bxb5 Ne5 26. Qe6 Rb8
1/2-1/2

[Event "4NCL Division 3 North"]
[Site "Bolton, ENG"]
[Date "2018.02.10"]
[Round "5.83"]
[White "Pardoe, David"]
[Black "Cundy, Mark A"]
[Result "1/2-1/2"]
[WhiteElo "1765"]
[BlackElo "1955"]
[PlyCount "57"]
[EventDate "2018.02.10"]
[WhiteTeam "Manchester Manticores 4"]
[BlackTeam "Warwickshire Select 2"]

1. d4 f5 2. c4 Nf6 3. Nf3 g6 4. Nc3 Bg7 5. Bg5 d6 6. g3 O-O 7. Bg2 Qe8 8. O-O
c6 9. Re1 Qf7 10. b3 Nh5 11. Rc1 Na6 12. Qd2 f4 13. gxf4 Nxf4 14. Bxf4 Qxf4 15.
Qxf4 Rxf4 16. e3 Rf8 17. a3 Bg4 18. Ng5 h6 19. Bh3 Bxh3 20. Nxh3 g5 21. f4 g4
22. Nf2 h5 23. Nce4 c5 24. dxc5 Nxc5 25. Nxc5 dxc5 26. Rcd1 Rad8 27. Rd5 Rxd5
28. cxd5 Rd8 29. Rd1 1/2-1/2

[Event "4NCL Division 3 North"]
[Site "Bolton, ENG"]
[Date "2018.02.10"]
[Round "5.84"]
[White "Ingram, Keith R"]
[Black "Livesey, R Nigel"]
[Result "1-0"]
[WhiteElo "1944"]
[BlackElo "1780"]
[PlyCount "197"]
[EventDate "2018.02.10"]
[WhiteTeam "Warwickshire Select 2"]
[BlackTeam "Manchester Manticores 4"]

1. e4 c6 2. Nc3 d5 3. Nf3 dxe4 4. Nxe4 Bg4 5. Bc4 e6 6. d3 Be7 7. h3 Bxf3 8.
Qxf3 Nf6 9. O-O O-O 10. Be3 Nbd7 11. Bb3 a5 12. a3 Nb6 13. Rfd1 Nbd5 14. Bd4
Qc7 15. c4 Nf4 16. Be3 Ng6 17. Qg3 Qxg3 18. Nxg3 Ne5 19. d4 Ned7 20. d5 cxd5
21. cxd5 Nc5 22. Bxc5 Bxc5 23. dxe6 fxe6 24. Bxe6+ Kh8 25. Rac1 Bb6 26. Rc2
Rae8 27. Bb3 Ne4 28. Nxe4 Rxe4 29. Rdd2 Re7 30. g3 h6 31. Kg2 Kh7 32. Re2 Rxe2
33. Rxe2 Bc5 34. Bc2+ Kh8 35. Bg6 b6 36. h4 Kg8 37. h5 Rd8 38. Rc2 Kf8 39. Re2
Kg8 40. Kh3 Rc8 41. Kg2 Rd8 42. Rc2 Kf8 43. Bh7 Rd4 44. Re2 Rd6 45. Bg6 Rd8 46.
Re4 Kg8 47. b4 axb4 48. axb4 Bf8 49. Rf4 Kh8 50. Kh3 Bd6 51. Re4 Kg8 52. Kg4
Rf8 53. f4 Rd8 54. Kf3 Kf8 55. Bh7 Re8 56. Rd4 Rd8 57. Ke4 Ke7 58. Rc4 Rf8 59.
Bg6 Rd8 60. g4 Rf8 61. Bf5 Ra8 62. Kd5 Rd8 63. Re4+ Kf8 64. Kc6 Be7 65. Kxb6
Rb8+ 66. Ka5 Ra8+ 67. Kb5 Rb8+ 68. Ka4 Ra8+ 69. Kb3 Rb8 70. Bd7 Rb7 71. Bc6 Ra7
72. Ba4 Rb7 73. Rc4 Kf7 74. Re4 Rb6 75. Kc3 Ra6 76. Bb3+ Kf6 77. b5 Rb6 78. Kd3
Ba3 79. Re5 Bc1 80. Rf5+ Ke7 81. Rf7+ Ke8 82. f5 Bg5 83. Kc4 Bf6 84. Kc5 Rb8
85. Be6 Be7+ 86. Kc6 Rc8+ 87. Bxc8 Kxf7 88. b6 Bh4 89. Be6+ Kf6 90. Bb3 Ke7 91.
Kc7 Bg3+ 92. Kc8 Kf6 93. b7 Bd6 94. Bd1 Kg5 95. b8=Q Bxb8 96. Kxb8 Kf4 97. Kc7
Kg3 98. Kd7 Kf2 99. Ke7 1-0

[Event "4NCL Division 3 North"]
[Site "Bolton, ENG"]
[Date "2018.02.10"]
[Round "5.85"]
[White "Bridgeman, Niamh"]
[Black "Ingram, Alex"]
[Result "0-1"]
[WhiteElo "1697"]
[BlackElo "1825"]
[PlyCount "112"]
[EventDate "2018.02.10"]
[WhiteTeam "Manchester Manticores 4"]
[BlackTeam "Warwickshire Select 2"]

1. f4 d5 2. Nf3 Nf6 3. e3 a6 4. b3 g6 5. Bb2 Bg7 6. Be2 b6 7. O-O Nbd7 8. d3
Bb7 9. Qe1 O-O 10. Qh4 Re8 11. Ng5 h6 12. Rf3 Nh5 13. Bxg7 Kxg7 14. Nh3 f5 15.
g4 fxg4 16. Qxg4 Ndf6 17. Qg2 d4 18. e4 Kh7 19. Nd2 b5 20. a4 Qd7 21. a5 Qc6
22. Ra2 Qc3 23. Nb1 Qe1+ 24. Rf1 Qh4 25. Nd2 Bc8 26. f5 gxf5 27. Nf3 Qg4 28.
Nfg5+ Qxg5 29. Nxg5+ hxg5 30. e5 Nf4 31. Qxa8 Nxe2+ 32. Kf2 Nc3 33. Raa1 Ng4+
34. Kg1 Ne2+ 35. Kh1 Ne3 36. Rf2 Be6 37. Qc6 Bd5+ 38. Qxd5 Nxd5 39. Rxe2 f4 40.
Rg1 Kh6 41. Re4 c5 42. e6 Ne3 43. Re5 g4 44. Re4 Rf8 45. Rxe3 dxe3 46. Kg2 f3+
47. Kf1 Kh5 48. Rh1 Rf6 49. Rg1 Rxe6 50. Rh1 Kg5 51. Rg1 Rh6 52. c4 b4 53. h4+
Rxh4 54. d4 cxd4 55. c5 Rh2 56. Rg3 f2 0-1

[Event "4NCL Division 3 North"]
[Site "Bolton, ENG"]
[Date "2018.02.10"]
[Round "5.86"]
[White "Patel, Devan"]
[Black "Bridgeman, Matthew"]
[Result "1-0"]
[WhiteElo "1855"]
[BlackElo "1727"]
[PlyCount "69"]
[EventDate "2018.02.10"]
[WhiteTeam "Warwickshire Select 2"]
[BlackTeam "Manchester Manticores 4"]

1. d4 e6 2. Nf3 f5 3. c4 Nf6 4. Bg5 Be7 5. Nc3 b6 6. Bxf6 Bxf6 7. e4 fxe4 8.
Nxe4 Bb7 9. Bd3 Nc6 10. h4 Nxd4 11. Nxf6+ Qxf6 12. Nxd4 O-O 13. Qd2 Bxg2 14.
Rh2 Bf3 15. Nxf3 Qxf3 16. Qe3 Qg4 17. Qg3 Qxg3 18. fxg3 Rf3 19. Be4 Re3+ 20.
Re2 Rxe2+ 21. Kxe2 Rf8 22. Rd1 Rd8 23. b4 g6 24. h5 gxh5 25. Rh1 d5 26. cxd5
exd5 27. Bd3 c5 28. bxc5 bxc5 29. Rxh5 Rd7 30. Rxd5 Rc7 31. Bc4 Kg7 32. Bb5 Kf6
33. Rd7 Rxd7 34. Bxd7 Ke5 35. Kd3 1-0

[Event "4NCL Division 3 North"]
[Site "Bolton, ENG"]
[Date "2018.02.10"]
[Round "5.201"]
[White "Bennett, Patrick"]
[Black "Walker, Andrew N"]
[Result "1-0"]
[WhiteElo "2008"]
[BlackElo "2055"]
[PlyCount "81"]
[EventDate "2018.02.10"]
[WhiteTeam "Holmes Chapel"]
[BlackTeam "Ashfield-Breadsall 1"]

1. d4 Nf6 2. Nf3 d5 3. c4 e6 4. g3 Bb4+ 5. Bd2 Bxd2+ 6. Nbxd2 O-O 7. Bg2 c6 8.
O-O Nbd7 9. Qc2 Nh5 10. e4 dxe4 11. Nxe4 Ndf6 12. Nc3 Qc7 13. Rfe1 g6 14. Rad1
b6 15. Ne5 Bb7 16. Qd2 Nd7 17. Nxd7 Qxd7 18. Ne4 f5 19. Ng5 Ng7 20. Qf4 h6 21.
Nf3 g5 22. Qc1 f4 23. Ne5 Qc7 24. g4 c5 25. d5 exd5 26. cxd5 Qd6 27. Qc3 Rae8
28. Nc4 Qd7 29. Bf3 Rxe1+ 30. Rxe1 Re8 31. Rxe8+ Nxe8 32. Qd3 Kg7 33. Ne5 Qd6
34. Qf5 Bxd5 35. Bxd5 Qxd5 36. Qg6+ Kf8 37. Qxh6+ Ng7 38. Qxg5 Qd1+ 39. Kg2
Qd5+ 40. Kh3 Qe4 41. Qxf4+ 1-0

[Event "4NCL Division 3 North"]
[Site "Bolton, ENG"]
[Date "2018.02.10"]
[Round "5.204"]
[White "Naylor, Michael A"]
[Black "Turner, John M"]
[Result "0-1"]
[WhiteElo "1982"]
[BlackElo "1989"]
[PlyCount "64"]
[EventDate "2018.02.10"]
[WhiteTeam "Ashfield-Breadsall 1"]
[BlackTeam "Holmes Chapel"]

1. e4 d5 2. exd5 Qxd5 3. Nc3 Qd6 4. d4 Nf6 5. Nf3 a6 6. g3 Bg4 7. Bg2 Nc6 8.
Bf4 Qb4 9. O-O O-O-O 10. d5 e6 11. Bd2 Ne5 12. Ne2 Qe4 13. Ng5 Qxe2 14. Qxe2
Bxe2 15. Rfe1 Bh5 16. Rxe5 Nxd5 17. Nh3 Bg6 18. Rc1 Be7 19. c4 Nb4 20. Bxb4
Bxb4 21. Nf4 Bf5 22. Ne2 Bd2 23. Rxf5 exf5 24. Rc2 Rhe8 25. Bf3 Ba5 26. Bd5 Re7
27. Nd4 c6 28. Nxf5 Re1+ 29. Kg2 cxd5 30. cxd5+ Kb8 31. Nxg7 Rxd5 32. Rc4 Rg5
0-1

[Event "4NCL Division 3 North"]
[Site "Bolton, ENG"]
[Date "2018.02.10"]
[Round "5.207"]
[White "McLaughlin, Noel S"]
[Black "Flynn, David"]
[Result "1/2-1/2"]
[WhiteElo "1961"]
[BlackElo "1860"]
[PlyCount "56"]
[EventDate "2018.02.10"]
[WhiteTeam "Holmes Chapel"]
[BlackTeam "Ashfield-Breadsall 1"]

1. Nf3 Nf6 2. c4 g6 3. b4 c5 4. bxc5 Qa5 5. e3 Bg7 6. Bb2 O-O 7. Be2 Nc6 8. O-O
Qxc5 9. d4 Qb6 10. Qb3 Qxb3 11. axb3 d5 12. Nc3 Rd8 13. Ne5 dxc4 14. Nxc6 bxc6
15. bxc4 c5 16. Rfd1 cxd4 17. exd4 Bb7 18. Nb5 a6 19. Nc7 Rac8 20. Ba3 Rd7 21.
Nd5 Nxd5 22. cxd5 Ra8 23. Bc5 Bf6 24. d6 h5 25. dxe7 Bxe7 26. Bb6 Bf6 27. h3
Bd8 28. Bc5 Be7 1/2-1/2

[Event "4NCL Division 3 North"]
[Site "Bolton, ENG"]
[Date "2018.02.10"]
[Round "5.203"]
[White "Combie, Alex B"]
[Black "Altham, John T"]
[Result "1-0"]
[WhiteElo "1971"]
[BlackElo "1892"]
[PlyCount "113"]
[EventDate "2018.02.10"]
[WhiteTeam "Ashfield-Breadsall 1"]
[BlackTeam "Manchester Manticores 3"]

1. d4 d6 2. c4 Nd7 3. Nc3 Ngf6 4. Nf3 e5 5. e4 Be7 6. Be2 c6 7. O-O Qc7 8. Re1
h6 9. Bf1 g5 10. h3 Nf8 11. d5 Ng6 12. dxc6 bxc6 13. b4 g4 14. hxg4 Bxg4 15. b5
c5 16. Nd5 Nxd5 17. Qxd5 Rb8 18. Nh2 Be6 19. Qd1 Bg5 20. Ng4 Ke7 21. Ne3 Bxe3
22. Bxe3 h5 23. Qd2 h4 24. f4 exf4 25. Bxf4 Nxf4 26. Qxf4 f6 27. a4 Rbg8 28.
Re2 h3 29. Rf2 Rg6 30. a5 hxg2 31. Rxg2 Rhg8 32. Rxg6 Rxg6+ 33. Kf2 Qd8 34. Rd1
Rg5 35. Bg2 Re5 36. Qd2 Bxc4 37. Rb1 Be6 38. b6 axb6 39. axb6 Qb8 40. b7 Rg5
41. Rb6 Rg8 42. Qb2 d5 43. e5 fxe5 44. Qb5 e4 45. Qxc5+ Kf7 46. Qd6 Qxd6 47.
Rxd6 Ke7 48. Rb6 Rb8 49. Ke3 Bc8 50. bxc8=Q Rxc8 51. Kd4 Rc2 52. Bh3 Rd2+ 53.
Ke5 Rh2 54. Rb7+ Kf8 55. Kf6 Kg8 56. Rb8+ Kh7 57. Bf5+ 1-0